00418nam a2200145 a 4500008004100000050001500041100002000056245004200076250001500118260004400133300002200177350000900199650003900208650002500247120416s1963 ||||||||||||||||| || u aQD 117 Her aHerrman, Roland10aChemical analysis by flame photometry a2nd rev. e aNew YorkbInterscience Publishersc1963 axiv, 644p. : ill. a0.00 0aCHEMISTRY--HANDBOOKS, MANUALS, ETC 0aANALYTICAL CHEMISTRY